00588nam a22001697a 450000500170000000800410001702000180005802000180007604000530009404100080014710000250015524500720018026000680025230000210032050400530034165000240039420140903175000.0131127s2006 enk frn 000 0 eng  a9780826490069 a9780826498946 aCO-BoUCMcAngélica RojasdDiana Londoñobspa00aeng1 aPirie, Madsend1940-10aHow to win every argument the use and abuse of logiccMadsen Pirie aLondon (Inglaterra)aNew York (Estados Unidos)bContinuumc2006 ax, 182 páginas aIncluye referencias bibliográficas e índices 7aFalacias (Lógica)